000 00467nam a2200169Ia 4500
008 090711s9999 xx 000 0 und d
082 _b21175
100 _aकुलकर्णी दत्ता जी.
245 _aआठव
260 _c1968
300 _a127
600 _aकुलकर्णी दत्ता जी.
630 _aआठव
700 _aकुलकर्णी दत्ता जी.
730 _aआठव
942 _cBOOK
999 _c297486
_d297486